Vakkukal vakkukal/ (Record no. 181923)

000 -LEADER
fixed length control field 00450nam a2200181 4500
020 ## - INTERNATIONAL STANDARD BOOK NUMBER
ISBN 9789348164896
082 ## - DEWEY DECIMAL CLASSIFICATION NUMBER
Classification number M 494.812 014
Item number SHY/V
100 ## - MAIN ENTRY--AUTHOR NAME
Personal name Shylaja T G
245 ## - TITLE STATEMENT
Title Vakkukal vakkukal/
Statement of responsibility, etc by Shylaja T G
260 ## - PUBLICATION, DISTRIBUTION, ETC. (IMPRINT)
Place of publication S.L:
Name of publisher Shylaja T G,
Year of publication 2025.
300 ## - PHYSICAL DESCRIPTION
Number of Pages 110p.
650 ## - SUBJECT ADDED ENTRY--TOPICAL TERM
Topical Term Words Malayalam Study
650 ## - SUBJECT ADDED ENTRY--TOPICAL TERM
Topical Term Linguistics Malayalam
650 ## - SUBJECT ADDED ENTRY--TOPICAL TERM
Topical Term Linguistics
650 ## - SUBJECT ADDED ENTRY--TOPICAL TERM
Topical Term Language Malayalam
650 ## - SUBJECT ADDED ENTRY--TOPICAL TERM
Topical Term Language
942 ## - ADDED ENTRY ELEMENTS (KOHA)
Koha item type Book
Holdings
Withdrawn status Lost status Damaged status Not for loan Permanent Location Current Location Shelving location Date acquired Cost, normal purchase price Full call number Accession Number Price effective from Koha item type
        Sree Sankaracharya University of Sanskrit Sree Sankaracharya University of Sanskrit Stacks 02.06.2026 150.00 M 494.812 014 SHY/V 109158 02.06.2026 Book